00748nam a2200181Ia 4500003000900000008004100009040001600050080002200066111010900088245020000197260003900397300001400436490001500450650004100465650001900506700002100525700002000546IN-BaIIA211028s9999 xx 000 0 eng d cIIA Library a535.417(063)bESO aInternational Workshop on the Atmospheres of Saturn and TitancCargese, Corsica, Franced1984 Oct. 23-25 0aKilometric optical arrays in spacebproceedings of the colloquium on kilometric optical arrays in space, held in Cargese, Corsica, France, 23-25 October, 1984cedited by N. Longdon and O. Melita aParisbEuropean Space Agencyc1985 avi, 194p. aESA SP-226 aAstronomy and astrophysics thesaurus aInterferometry aLongdon, N., ed. aMelita, O., ed.